[Event "Challenge"]
[Site "http://www.queenalice.com/game.php?id=513750"]
[Date "2008.12.28"]
[Round "-"]
[White "dtrainey"]
[Black "chess4me"]
[Result "0-1"]
[WhiteElo "1581"]
[BlackElo "1834"]

1. b3 d5 2. d4 Nf6 3. h3 Bf5 4. Nf3 e6 5. Nc3 Bb4 6. Bd2 Nbd7 7. Nh4 Bg6 8. Nb5
Be7 9. f3 a6 10. e3 axb5 11. Bxb5 c6 12. Bd3 Bxd3 13. cxd3 Nh5 14. g4 Bxh4+ 15.
Ke2 Ng3+ 16. Kf2 Nxh1+ 17. Kg2 Nf2 18. Qe1 Nxg4 19. Qc1 Nh6 20. f4 Qf6 21. Kf3
Qg6 22. Be1 Bxe1 23. Qxe1 Qxd3 24. Rc1 Qe4+ 25. Ke2 Rxa2+ 0-1

[Event "jjj"]
[Site "http://www.queenalice.com/game.php?id=528591"]
[Date "2009.1.24"]
[Round "2"]
[White "archiphile"]
[Black "chess4me"]
[Result "0-1"]
[WhiteElo "1779"]
[BlackElo "1907"]

1. d4 Nf6 2. c4 g6 3. Nc3 Bg7 4. h3 O-O 5. e4 d6 6. Nf3 b6 7. b4 Bb7 8. Bb2 Nxe4
9. Bd3 Nxc3 10. Bxc3 Nd7 11. O-O e5 12. Re1 Re8 13. dxe5 dxe5 14. Be4 Bxe4 15.
Rxe4 c5 16. b5 Qc7 17. Qc2 Re7 18. Ree1 Rae8 19. Nd2 Re6 20. a4 f5 21. f3 Nf6
22. a5 Nd7 23. axb6 Nxb6 24. Ba5 e4 25. fxe4 Bxa1 26. Rxa1 fxe4 27. Nb3 Qe5 28.
Bc3 Qc7 29. Na5 e3 30. Be1 e2 31. Nc6 Qf4 32. Na5 Qd4+ 33. Kh2 Qxa1 34. Qd2 Qe5+
0-1

[Event "AUTO-INT-1107"]
[Site "http://www.queenalice.com/game.php?id=534073"]
[Date "2009.2.3"]
[Round "2"]
[White "edsonholanda"]
[Black "chess4me"]
[Result "0-1"]
[WhiteElo "1635"]
[BlackElo "1918"]

1. e4 c5 2. Nf3 Nf6 3. Nc3 d6 4. Bb5+ Bd7 5. O-O Nc6 6. Bxc6 Bxc6 7. d3 g6 8.
Bg5 Bg7 9. Bxf6 Bxf6 10. d4 O-O 11. Re1 cxd4 12. Nxd4 Bd7 13. Nf3 Bg4 14. h3 Be6
15. Nd5 Bg7 16. c4 b6 17. b3 Bxa1 18. Qxa1 Rc8 19. Ng5 Bxd5 20. exd5 e5 21. g3
Qxg5 22. h4 Qe7 23. f4 e4 24. Qc3 Rfe8 25. Kf2 b5 26. Qe3 bxc4 27. bxc4 Rxc4 28.
Rc1 Rxc1 29. Qxc1 e3+ 30. Ke2 Qe4 31. Qc6 Qg2+ 32. Kd3 Qd2+ 33. Kc4 Qc2+ 34. Kb5
Qxc6+ 35. dxc6 e2 36. c7 e1=Q 37. Kc6 Qe4+ 38. Kxd6 Qe7+ 39. Kc6 Rc8 40. Kd5
Rxc7 41. Kd4 f5 0-1

[Event "AUTO-INT-1107"]
[Site "http://www.queenalice.com/game.php?id=534074"]
[Date "2009.2.3"]
[Round "2"]
[White "chess4me"]
[Black "edsonholanda"]
[Result "1-0"]
[WhiteElo "1925"]
[BlackElo "1630"]

1. Nf3 Nf6 2. d4 d5 3. Bf4 Nc6 4. Nbd2 e6 5. e3 Bd6 6. Bg5 Nb4 7. a3 Nc6 8. Bb5
Bd7 9. O-O h6 10. Bh4 g5 11. Bg3 Bxg3 12. fxg3 O-O 13. c4 dxc4 14. Bxc4 Nd5 15.
Qe2 a6 16. Rf2 b5 17. Bb3 f6 18. Ne4 f5 19. Nc5 Rf7 20. Rc1 b4 21. Bxd5 exd5 22.
axb4 Nxb4 23. Nxd7 Rxd7 24. Ne5 Re7 25. Rxf5 c6 26. Qh5 Qd6 27. Rcf1 Nc2 28. Rf6
Qxf6 29. Rxf6 Rh7 30. Qg6+ Rg7 31. Qxc2 Rf8 32. Qf5 Rxf6 33. Qxf6 a5 34. Qxh6 a4
35. Qxc6 g4 36. Qxd5+ Kh7 37. Qe4+ Kg8 38. d5 Rb7 39. Qxg4+ Kf8 40. Qc8+ Kg7 41.
Qxb7+ Kf6 42. d6 a3 43. bxa3 1-0

[Event "AUTO-INT-1107"]
[Site "http://www.queenalice.com/game.php?id=534077"]
[Date "2009.2.3"]
[Round "2"]
[White "QuinhoFogo"]
[Black "chess4me"]
[Result "0-1"]
[WhiteElo "1626"]
[BlackElo "1902"]

1. e4 c5 2. e5 g6 3. Nf3 Bg7 4. Bc4 e6 5. d3 Ne7 6. Bg5 O-O 7. Nc3 Nbc6 8. Qd2
Nxe5 9. Nxe5 Bxe5 10. O-O-O d5 11. Bh6 Bg7 12. Bxg7 Kxg7 13. Bb3 a6 14. Rhe1 b5
15. Re5 Nc6 16. Rh5 gxh5 17. Qf4 h6 18. Qg3+ Qg5+ 19. Qxg5+ hxg5 20. Ne2 c4 21.
dxc4 bxc4 22. Ba4 Ne5 23. Nd4 Bd7 24. Bxd7 Nxd7 25. g3 Ne5 26. f4 gxf4 27. gxf4
Ng4 28. Rg1 Kh6 29. f5 Rae8 30. h3 Ne5 31. Rf1 h4 32. fxe6 fxe6 33. Rxf8 Rxf8
34. Nxe6 Rf1+ 35. Kd2 Rf3 36. Nc5 Rxh3 37. Nxa6 Rf3 38. Nc5 h3 39. b3 h2 40.
bxc4 Nxc4+ 41. Ke2 h1=Q 0-1

[Event "AUTO-INT-1107"]
[Site "http://www.queenalice.com/game.php?id=534078"]
[Date "2009.2.3"]
[Round "2"]
[White "chess4me"]
[Black "QuinhoFogo"]
[Result "1-0"]
[WhiteElo "1897"]
[BlackElo "1631"]

1. Nf3 Nc6 2. d4 e6 3. Bf4 Nf6 4. Nbd2 Bb4 5. c3 Ba5 6. e4 O-O 7. Bd3 d5 8. e5
Ng4 9. O-O b5 10. Bxb5 Bd7 11. h3 Nh6 12. Bxh6 gxh6 13. Nb3 a6 14. Bxc6 Bxc6 15.
Nxa5 Bb5 16. Re1 f5 17. Qd2 Rf7 18. Qxh6 Qe7 19. Qg5+ Qxg5 20. Nxg5 Re7 21. a4
Bd7 22. Reb1 Rg7 23. Nf3 f4 24. Nb7 Be8 25. b4 Bc6 26. Nc5 Re7 27. Ng5 a5 28.
Ngxe6 Kf7 29. Nxf4 Rg8 30. b5 Bd7 31. Nxd5 Bxh3 32. g3 Ree8 33. Nf6 Bf5 34. Rb2
Rg5 35. Nxe8 Kxe8 36. Nb7 h5 37. b6 cxb6 38. Rxb6 h4 39. Nd6+ Ke7 40. Nxf5+ Rxf5
41. Rf6 Rxf6 42. exf6+ 1-0

[Event "AUTO-INT-1107"]
[Site "http://www.queenalice.com/game.php?id=534079"]
[Date "2009.2.3"]
[Round "2"]
[White "fhazzick"]
[Black "chess4me"]
[Result "0-1"]
[WhiteElo "1908"]
[BlackElo "1873"]

1. d4 d5 2. c4 Nf6 3. Nf3 g6 4. e3 Bg7 5. Bd3 Bg4 6. O-O O-O 7. Nc3 Nbd7 8. h3
Bxf3 9. Qxf3 c6 10. Rd1 e5 11. cxd5 cxd5 12. Nxd5 Re8 13. Nxf6+ Bxf6 14. Bb5 e4
15. Qe2 a6 16. Bxd7 Qxd7 0-1

[Event "AUTO-INT-1107"]
[Site "http://www.queenalice.com/game.php?id=534080"]
[Date "2009.2.3"]
[Round "2"]
[White "chess4me"]
[Black "fhazzick"]
[Result "1-0"]
[WhiteElo "1854"]
[BlackElo "1927"]

1. Nf3 Nf6 2. d4 e6 3. Bg5 Be7 4. c4 O-O 5. Nc3 b6 6. e3 Bb7 7. Be2 Ne4 8. Bxe7
Qxe7 9. O-O Nxc3 10. bxc3 Bxf3 11. Bxf3 c6 12. a4 Na6 13. Qd3 Nc7 14. e4 Rad8
15. Rfe1 d5 16. cxd5 1-0

[Event "AUTO-INT-1111"]
[Site "http://www.queenalice.com/game.php?id=546709"]
[Date "2009.2.26"]
[Round "2"]
[White "chess4me"]
[Black "ReidoBaralho"]
[Result "1-0"]
[WhiteElo "1929"]
[BlackElo "1455"]

1. Nf3 d5 2. d4 Nf6 3. c4 Nc6 4. Nc3 dxc4 5. e3 Bf5 6. Bxc4 Nb4 7. Qa4+ Nc6 8.
O-O a6 9. Qb3 e6 10. Qxb7 Nb4 11. a3 Rb8 12. Qa7 Nc6 13. Qxa6 Ne7 14. Ne5 g6 15.
Bb5+ Rxb5 16. Qxb5+ c6 17. Nxc6 Nxc6 18. Qxc6+ Nd7 19. f3 g5 20. Nb5 Bg7 21.
Nd6+ Ke7 22. Nxf5+ exf5 23. b4 f4 24. Qe4+ Kf6 25. Bb2 Re8 26. Qc6+ Re6 27. d5+
Ne5 28. Bxe5+ Kxe5 29. dxe6 fxe6 30. Rad1 Qe7 31. exf4+ gxf4 32. Rfe1+ Kf5 33.
Qc5+ Kf6 34. Qxe7+ Kxe7 35. b5 Bc3 36. Re4 Ba5 37. Rxf4 e5 38. Ra4 Bb6+ 39. Kf1
h6 40. Ra6 Bc5 41. Rc1 Bd4 42. Rc7+ Kd8 43. Rh7 e4 44. Ra8# 1-0

[Event "AUTO-INT-1111"]
[Site "http://www.queenalice.com/game.php?id=546712"]
[Date "2009.2.26"]
[Round "2"]
[White "chess4me"]
[Black "nekaun"]
[Result "1-0"]
[WhiteElo "1931"]
[BlackElo "1461"]

1. Nf3 d5 2. d4 b6 3. Bf4 Ba6 4. g3 Qd7 5. Bg2 Nf6 6. O-O Nc6 7. c3 Qe6 8. Re1
g6 9. Bxc7 Bh6 10. Be5 Nxe5 11. Nxe5 O-O 12. e3 Ng4 13. Nxg4 Bg5 14. Nd2 f6 15.
f4 f5 16. Ne5 Bf6 17. Ndf3 Bxe5 18. Nxe5 h5 19. Qb3 b5 20. Bxd5 Qxd5 21. Qxd5+
Kg7 22. Qe6 Bc8 23. Qxg6+ Kh8 24. Nf7+ Rxf7 25. Qxf7 Ba6 26. Qxh5+ Kg8 27. Qg6+
Kf8 28. Qxa6 e5 29. dxe5 Re8 30. Red1 Kf7 31. Rd6 Re7 32. Qxb5 Re6 33. Rad1 Rxd6
34. exd6 Ke6 35. Qe5+ Kd7 36. Qe7+ Kc6 37. d7 a5 38. d8=Q a4 39. Qec7+ Kb5 40.
Qdb8+ Ka6 41. Qca7# 1-0

[Event "AUTO-INT-1111"]
[Site "http://www.queenalice.com/game.php?id=546713"]
[Date "2009.2.26"]
[Round "2"]
[White "nekaun"]
[Black "chess4me"]
[Result "0-1"]
[WhiteElo "1465"]
[BlackElo "1923"]

1. e4 c5 2. Qf3 Nc6 3. Bc4 Nf6 4. Nh3 Ne5 5. Qc3 d6 6. O-O Nxe4 7. Qb3 Nxc4 8.
Qxc4 Nf6 9. d3 a6 10. Ng5 e6 11. Re1 b5 12. Qf4 Be7 13. c4 Bb7 14. Nc3 h6 15.
Nh3 b4 16. Ne4 O-O 17. Qf3 Qa5 18. b3 Nxe4 19. dxe4 Bf6 20. g4 Bxa1 21. g5 f5
22. gxh6 g6 23. exf5 Bxf3 24. Ng5 Rxf5 25. Rxe6 Qxa2 26. Rxg6+ Kh8 27. Re6 Rxg5+
28. Bxg5 Qb1+ 29. Re1 Qxe1# 0-1

[Event "AUTO-INT-1118"]
[Site "http://www.queenalice.com/game.php?id=553931"]
[Date "2009.3.10"]
[Round "2"]
[White "leiva2"]
[Black "chess4me"]
[Result "1-0"]
[WhiteElo "1909"]
[BlackElo "1894"]

1. e4 c5 2. Nf3 d6 3. d4 cxd4 4. Nxd4 a6 5. Nc3 Nf6 6. Bg5 Nc6 7. Bc4 e6 8. O-O
Be7 9. Nf3 O-O 10. Qe2 b5 11. Bd3 Bb7 12. Rad1 Rc8 13. e5 Ne8 14. Qe4 f5 15.
exf6 Nxf6 16. Bxf6 g6 17. Qxe6+ Rf7 18. Ng5 Qf8 19. Nd5 Rc7 20. Bxe7 Rxe7 21.
Nxe7+ Qxe7 22. Qxf7+ Qxf7 23. Nxf7 Kxf7 24. Be4 1-0

[Event "AUTO-INT-1118"]
[Site "http://www.queenalice.com/game.php?id=553932"]
[Date "2009.3.10"]
[Round "2"]
[White "chess4me"]
[Black "leiva2"]
[Result "1-0"]
[WhiteElo "1879"]
[BlackElo "1924"]

1. Nf3 Nf6 2. d4 g6 3. Bg5 Bg7 4. Nbd2 d6 5. g3 b6 6. e3 Bb7 7. Bg2 O-O 8. O-O
Nbd7 9. c4 Ne4 10. Nxe4 Bxe4 11. g4 f5 12. h3 fxg4 13. hxg4 Bf6 14. Bh6 Rf7 15.
g5 Bg7 16. b4 Qf8 17. Bxg7 Qxg7 18. Nd2 Bxg2 19. Kxg2 Rf5 20. f4 h6 21. Qf3 hxg5
22. Qxa8+ Kf7 23. fxg5 e6 24. Qd8 Nf8 25. Ne4 Kg8 26. Rxf5 gxf5 27. Nf6+ Kf7 28.
Qe8# 1-0

[Event "AUTO-INT-1118"]
[Site "http://www.queenalice.com/game.php?id=553933"]
[Date "2009.3.10"]
[Round "2"]
[White "MarcosT"]
[Black "chess4me"]
[Result "0-1"]
[WhiteElo "1802"]
[BlackElo "1933"]

1. e4 c5 2. Bc4 e6 3. Nc3 a6 4. Nf3 b5 5. Be2 Nc6 6. d4 cxd4 7. Nxd4 Nf6 8. Nxc6
dxc6 9. Bg5 Be7 10. Qxd8+ Bxd8 11. O-O-O O-O 12. e5 Nd5 13. Nxd5 cxd5 14. Bxd8
Rxd8 15. f4 Bb7 16. Bf3 Rac8 17. h4 Rc7 18. g4 Rdc8 19. Rh2 a5 20. f5 b4 21. f6
Ba6 22. fxg7 Kxg7 23. g5 a4 24. h5 Bc4 25. Kb1 b3 26. axb3 axb3 27. c3 Ra8 28.
h6+ Kg8 29. g6 fxg6 30. Rg1 Rca7 0-1

[Event "AUTO-INT-1118"]
[Site "http://www.queenalice.com/game.php?id=553934"]
[Date "2009.3.10"]
[Round "2"]
[White "chess4me"]
[Black "MarcosT"]
[Result "1/2-1/2"]
[WhiteElo "1944"]
[BlackElo "1791"]

1. Nf3 Nc6 2. d4 d5 3. c3 Nf6 4. Bf4 e6 5. Nbd2 Be7 6. e3 O-O 7. Bd3 h6 8. h3 a6
9. O-O b5 10. Ne5 Nxe5 11. Bxe5 Bd6 12. Nf3 Bxe5 13. Nxe5 Bb7 14. Rc1 Qd6 15.
Re1 c5 16. Bb1 cxd4 17. cxd4 Ne4 18. f3 Ng3 19. Qd3 Nf5 20. e4 dxe4 21. fxe4
Nxd4 22. Nf3 Nxf3+ 23. Qxf3 f5 24. Qb3 fxe4 25. Rcd1 Qb6+ 26. Kh1 e3 27. Rxe3
Qc6 28. Qxe6+ Kh8 1/2-1/2

[Event "jjj"]
[Site "http://www.queenalice.com/game.php?id=566780"]
[Date "2009.4.4"]
[Round "3"]
[White "chess4me"]
[Black "miguel"]
[Result "0-1"]
[WhiteElo "1940"]
[BlackElo "1686"]

1. Nf3 Nc6 2. d4 d5 3. Bf4 Bg4 4. e3 e6 5. Be2 Nf6 6. Nbd2 Bb4 7. c3 Ba5 8. O-O
O-O 9. Ne5 Bxe2 10. Qxe2 Nxe5 11. Bxe5 c6 12. h3 h6 13. Nb3 Bb6 14. f4 a5 15. a4
Ne4 16. f5 f6 17. Bh2 e5 18. Nd2 Ng5 19. dxe5 fxe5 20. Bxe5 Qe7 21. Bd4 Bxd4 22.
cxd4 Rae8 23. Rae1 Ne4 24. Nxe4 Qxe4 25. g4 h5 26. Rf4 Qxf4 0-1

[Event "Challenge"]
[Site "http://www.queenalice.com/game.php?id=574206"]
[Date "2009.4.19"]
[Round "-"]
[White "nekaun"]
[Black "chess4me"]
[Result "0-1"]
[WhiteElo "1499"]
[BlackElo "1938"]

1. e4 c5 2. Nc3 d6 3. d3 Nc6 4. Nd5 e6 5. Nf4 Nf6 6. Ngh3 g6 7. g4 e5 8. Nd5
Nxg4 9. Be3 Nxe3 10. Nxe3 Bg7 11. f4 Qh4+ 12. Nf2 Qxf4 13. Qe2 Nd4 14. Qd2 Nf3+
15. Ke2 Nxd2 16. Kxd2 Qxf2+ 17. Kc3 Qxe3 18. Rd1 Be6 19. b4 cxb4+ 20. Kb2 Qf3
21. Bg2 Qxg2 22. Rhg1 Qxh2 23. Rge1 O-O 24. a3 bxa3+ 25. Ka1 Qxc2 26. Rc1 Qb2#
0-1

[Event "jjj"]
[Site "http://www.queenalice.com/game.php?id=600932"]
[Date "2009.6.9"]
[Round "4"]
[White "jw16js"]
[Black "chess4me"]
[Result "0-1"]
[WhiteElo "1531"]
[BlackElo "1875"]

1. e4 c5 2. Qh5 d6 3. Bb5+ Bd7 4. Bc4 e6 5. Nc3 Nf6 6. Qf3 Nc6 7. Nb5 Ne5 8. Qb3
Nxe4 9. d3 Nf6 10. Bg5 d5 11. Bxf6 gxf6 12. Bxd5 exd5 13. c4 a6 14. Na3 Bc6 15.
f3 b6 16. cxd5 Bxd5 17. Qc2 Bh6 18. Qe2 O-O 19. Nh3 Re8 20. Kf1 Rc8 21. Qf2 Nxd3
22. Qh4 Bg7 23. Nc2 Nxb2 24. Re1 Rxe1+ 25. Nxe1 c4 26. Nf4 c3 27. Nc2 Bxa2 28.
Qe1 Nd3 29. Nxd3 Qxd3+ 30. Qe2 Bc4 31. Nd4 Qxd4 32. Qxc4 Rxc4 33. g3 c2 34. Kg2
c1=Q 35. Rxc1 Rxc1 36. Kh3 Qd7+ 37. Kh4 Rh1 38. g4 Rxh2+ 0-1

[Event "AUTO-INT-1114"]
[Site "http://www.queenalice.com/game.php?id=603536"]
[Date "2009.6.15"]
[Round "2"]
[White "traub"]
[Black "chess4me"]
[Result "1-0"]
[WhiteElo "1886"]
[BlackElo "1891"]

1. e4 c5 2. Nf3 Nf6 3. d4 cxd4 4. Qxd4 Nc6 5. Qe3 d6 6. Bb5 Bd7 7. c4 e6 8. Nc3
Be7 9. Ng5 h6 10. Nf3 O-O 11. O-O Nb4 12. Qe2 a6 13. Bxd7 Qxd7 14. e5 Ne8 15.
exd6 Qxd6 16. Rd1 Qc6 17. a3 1-0

[Event "AUTO-INT-1114"]
[Site "http://www.queenalice.com/game.php?id=603537"]
[Date "2009.6.15"]
[Round "2"]
[White "chess4me"]
[Black "traub"]
[Result "0-1"]
[WhiteElo "1877"]
[BlackElo "1942"]

1. Nf3 d5 2. d4 Nf6 3. c3 e6 4. Bg5 Be7 5. Nbd2 O-O 6. e3 Nbd7 7. Bd3 c5 8. O-O
c4 9. Bc2 b5 10. Re1 Nh5 11. Bxe7 Qxe7 12. e4 dxe4 13. Bxe4 Rb8 14. d5 Nf4 15.
Qc2 Nf6 16. dxe6 Nxe6 17. Ne5 Bb7 18. Bf3 Bxf3 19. Ndxf3 Qc5 20. Rad1 b4 21.
cxb4 Rxb4 22. a3 Rb3 23. Rc1 Rfb8 24. Nxc4 Nf4 25. Red1 Rxf3 26. gxf3 Qg5+ 0-1

[Event "AUTO-INT-1114"]
[Site "http://www.queenalice.com/game.php?id=603540"]
[Date "2009.6.15"]
[Round "2"]
[White "chess4me"]
[Black "BIGBEN"]
[Result "0-1"]
[WhiteElo "1903"]
[BlackElo "2008"]

1. Nf3 d5 2. d4 Nc6 3. Bf4 Bf5 4. e3 g6 5. Bb5 a6 6. Bxc6+ bxc6 7. O-O Bg7 8.
Nbd2 c5 9. c3 cxd4 10. cxd4 Nf6 11. Ne5 Ne4 12. Nxe4 Bxe4 13. Qa4+ Kf8 14. Rac1
Bxe5 15. Bxe5 f6 16. Bxc7 Qe8 17. Qxe8+ Rxe8 18. Rc6 Kg7 19. Rxa6 Bd3 20. Rb6
Bxf1 21. Kxf1 Ra8 22. a3 Ra7 23. Bf4 Rc8 24. g4 Rc1+ 25. Kg2 Rb1 26. h4 Rxa3 27.
b4 Rab3 28. Rb7 Kf8 29. Rd7 Rxb4 0-1

[Event "AUTO-INT-1114"]
[Site "http://www.queenalice.com/game.php?id=603541"]
[Date "2009.6.15"]
[Round "2"]
[White "BIGBEN"]
[Black "chess4me"]
[Result "1-0"]
[WhiteElo "1995"]
[BlackElo "1916"]

1. e4 c5 2. Nf3 Nc6 3. Bb5 a6 4. Ba4 b5 5. Bb3 c4 6. d4 cxb3 7. axb3 d6 8. O-O
Bg4 9. Be3 g6 10. c4 b4 11. Nbd2 Bg7 12. Qc2 e6 13. d5 Bxf3 14. Nxf3 Ne5 15.
Nxe5 Bxe5 16. f4 Bg7 17. dxe6 fxe6 18. Rfd1 Ne7 19. Qd2 a5 20. Qxd6 Qxd6 21.
Rxd6 e5 22. Rad1 O-O 23. fxe5 Bxe5 24. Re6 Bxh2+ 25. Kxh2 Nc8 26. Bc5 1-0